Los vascos, de la autonomía a la independencia (Registro nro. 24463)
[ vista simple ]
| 000 -LEADER | |
|---|---|
| campo de control de longitud fija | 00645nam a2200205 i 4500 |
| 001 - NÚMERO DE CONTROL | |
| campo de control | 24463 |
| 003 - IDENTIFICADOR DE NÚMERO DE CONTROL | |
| campo de control | ES-MaACL |
| 007 - CAMPO FIJO DE DESCRIPCIÓN FÍSICA--INFORMACIÓN GENERAL | |
| campo de control de longitud fija | t| |
| 008 - DATOS DE LONGITUD FIJA--INFORMACIÓN GENERAL | |
| campo de control de longitud fija | 021217s1985 sp ||||1| spa d |
| 100 1# - ENTRADA PRINCIPAL--NOMBRE DE PERSONA | |
| Nombre de persona | Apalategi, Jokin. |
| 9 (RLIN) | 22030 |
| 245 14 - MENCIÓN DEL TÍTULO | |
| Título | Los vascos, de la autonomía a la independencia |
| Resto del título | : formación y desarrollo del concepto de la nación vasca / |
| Mención de responsabilidad, etc. | Jokin Apalategi. |
| 260 ## - PUBLICACIÓN, DISTRIBUCIÓN, ETC. | |
| Lugar de publicación, distribución, etc. | San Sebastián : |
| Nombre del editor, distribuidor, etc. | Txertoa, |
| Fecha de publicación, distribución, etc. | [1985] |
| 300 ## - DESCRIPCIÓN FÍSICA | |
| Extensión | 320 p. ; |
| Dimensiones | 21 cm. |
| 490 1# - MENCIÓN DE SERIE | |
| Mención de serie | Ipar Haizea ; |
| Designación de volumen o secuencia | 20 |
| 500 ## - NOTA GENERAL | |
| Nota general | Indices. |
| 504 ## - NOTA DE BIBLIOGRAFÍA, ETC. | |
| Nota de bibliografía, etc. | Bibliografía. |
| 830 0# - PUNTO DE ACCESO ADICIONAL DE SERIE-TÍTULO UNIFORME | |
| Título uniforme | Ipar Haizea ; |
| Designación de volumen o secuencia | 20 |
| 9 (RLIN) | 229095 |
| 852 ## - LOCALIZACIÓN | |
| Ubicación | ES-MaACL |
| Número de control de estantería | L-9514 |
| Sublocalización o colección | R.110390 |
| Estatus retirado | Estado de pérdida | Estado de daño | No para préstamo | Biblioteca de origen | Biblioteca actual | Ubicación en estantería | Fecha de adquisición | Fuente de adquisición | Total de préstamos | Signatura topográfica completa | Código de barras | Visto por última vez | Precio de reemplazo | Tipo de ítem Koha |
|---|---|---|---|---|---|---|---|---|---|---|---|---|---|---|
| Biblioteca del Ateneo de Madrid | Biblioteca del Ateneo de Madrid | Depósito 2 | 17/01/2008 | L-9514 | 1025223 | 23/02/2023 | 23/02/2023 | Libro impreso |
